Η σκέψη της δεξιάς σήμερα
Αποθηκεύτηκε σε:
| Κύριος συγγραφέας: | |
|---|---|
| Άλλοι συγγραφείς: | |
| Μορφή: | Βιβλίο |
| Γλώσσα: | Greek French |
| Δημοσίευση: |
Αθήνα :
Γλάρος,
1985.
|
| Σειρά: | Φιλοσοφία-Ιδεολογία ;
1 |
| Θέματα: | |
| Ετικέτες: |
Προσθήκη ετικέτας
Δεν υπάρχουν, Καταχωρήστε ετικέτα πρώτοι!
|
MARC
| LEADER | 00000cam a2200000 i 4500 | ||
|---|---|---|---|
| 001 | 1/79963 | ||
| 008 | 970225s1985 gr | ||| |||| ||gre|| | ||
| 035 | |a 1989 |b 2 |c Δωρεά |l 10033320 | ||
| 040 | |a GR-MyUa |b gre |e AACR2 | ||
| 041 | 1 | |a gre |h fre | |
| 082 | 7 | |a 320.5 |2 (22) | |
| 100 | 1 | |a Beauvoir, Simone de, |d 1908-1986. | |
| 245 | 1 | 2 | |a Η σκέψη της δεξιάς σήμερα / |c Σιμόν ντε Μπωβουάρ ; μετάφραση: Εβελίνα Χατζηδάκη. |
| 260 | |a Αθήνα : |b Γλάρος, |c 1985. | ||
| 300 | |a 121 σ. ; |c 22 εκ. | ||
| 490 | 1 | |a (Φιλοσοφία - Ιδεολογία ; |v 1) | |
| 500 | |a Τίτλος πρωτοτύπου: La pensee de droit, aujourd'hui. | ||
| 650 | 0 | |a Right and left (Political science) | |
| 650 | 0 | |a Conservatism. | |
| 650 | 0 | |a Philosophy, French |y 20th century. | |
| 700 | 1 | |a Χατζηδάκη, Εβελίνα, |e trlf | |
| 830 | 0 | |a Φιλοσοφία-Ιδεολογία ; |v 1 | |
| 852 | |a INST |b RHODES |e 19970225 |h 320.5 BEA |p 005400000221 |q 005400000221 |t BK |y 0 | ||
| 970 | |z 2000/06/ΚΑΤΕΡΙΝΑ | ||